Exercise and sport pharmacology (Record no. 396114)

MARC details
000 -LEADER
fixed length control field 00574 a2200217 4500
005 - DATE & TIME
control field 20260214105954.0
008 - FIXED-LENGTH DATA ELEMENTS--GENERAL INFORMATION
fixed length control field 260212b |||||||| |||| 00| 0 eng d
020 ## - ISBN
International Standard Book Number 9781041143482
Price Rs. 3995.00
040 ## - CATALOGING SOURCE
Original cataloging agency VIVEKANANDA LIBRARY
082 ## - DDC NUMBER
Classification number 615.1
Book Number M311E(2)
100 ## - MAIN ENTRY--PERSONAL NAME
Personal name Mamrack, Mark D
110 ## - MAIN ENTRY--CORPORATE NAME
Corporate name Mamrack, Mark D
245 ## - TITLE STATEMENT
Title Exercise and sport pharmacology
250 ## - EDITION STATEMENT
Edition statement 2nd
260 ## - PUBLICATION, DISTRIBUTION, ETC. (IMPRINT)
Name of publisher, distributor, etc Routledge
Date of publication, distribution, etc 2025
Place of publication, distribution, etc New York
300 ## - PHYSICAL DESCRIPTION
Pages xii, 441
650 ## - Subject
Subject Exercise- Sport Pharmacology
650 ## - Subject
Subject Pharmacology
650 ## - Subject
Subject Drugs- Physiological Aspects
942 ## - ADDED ENTRY ELEMENTS (KOHA)
Koha item type Books
Holdings
Withdrawn status Lost status Source of classification or shelving scheme Damaged status Not for loan Location (home branch) Sublocation or collection (holding branch) Shelving location Date acquired Koha issues (times borrowed) Koha full call number Accession No. Koha date last seen Koha item type
    Dewey Decimal Classification     VIVEKANANDA LIBRARY VIVEKANANDA LIBRARY Vivekananda Library 22/01/2026   615.1 M311E(2) 444442 22/01/2026 Books
© Designed and Maintained by Vivekananda Library, MDU Rohtak